| 000 | 00899nam a2200241Ia 4500 | ||
|---|---|---|---|
| 003 | OSt | ||
| 005 | 20200918171702.0 | ||
| 008 | 191128s2003 ts ao gr 000 0deng d | ||
| 020 | _a1860631533 | ||
| 040 |
_aCO-JMCR _cCO-JMCR |
||
| 041 | 0 | _aeng | |
| 082 | 0 | 4 |
_a915.357 / _bT629d _223 |
| 100 | 1 |
_aTobias, Michael, _eautor _910545 |
|
| 245 | 1 | 0 |
_aDubai 24 hours : _bas experienced by a team of Dubai's leading photographers / _cwritten by Michael Tobias |
| 260 |
_aDubai : _bAlarabiya Productions : Motivate Publishing, _c2003 |
||
| 300 |
_a168 páginas : _bprincipalmente fotografías a color ; _c32 cm. |
||
| 500 | _aIncluye datos biográficos del autor en solapa. | ||
| 546 | _aTexto en Inglés | ||
| 650 | 1 | 4 |
_aTurismo _zDubai _910546 |
| 651 | 4 |
_aDubai (Emiratos Arabes) _xdescripción Dubai _910547 |
|
| 651 | 4 |
_aDubai (Emiratos Arabes) _xvida social y costumbres _910548 |
|
| 942 |
_2ddc _cBK |
||
| 999 |
_c4491 _d4491 |
||